Lions : a portrait of the animal world

Bibliographic Details
Main Author: Server,Lee
Format: Book
Published: New York : Todtri , 1997
Subjects:

MARC

LEADER 00000cam a2200000 7i4500
001 0000005402
005 20080512.0
008 070803
020 |a 1577170792 
090 0 0 |a 599.757   |b SER 
100 1 |a Server,Lee 
245 1 0 |a Lions :   |b a portrait of the animal world   |c Lee Server 
260 |a New York :   |b Todtri ,   |c 1997 
650 0 |a Lions 
650 0 |a Lions   |x behavior 
999 |a 0000979562   |b Book   |c Adult Collection   |e Perbadanan Perpustakaan Awam Johor